000 00508nam a2200205Ia 4500
003 OSt
005 20230628163339.0
008 210423s9999 xx 000 0 und d
040 _cAL
041 _aeng
082 _a305.4 CALW
_223
100 _aCALL
_9118150
245 _aWomen and criminal law
260 _bCommercial Law Publication
_aNew Delhi
_c2003
365 _cINR
650 _aSociology
_9118151
650 _aWomen Studies
_9118152
906 _acriminal ; law ; Women
942 _2ddc
_cBK
999 _c173740
_d173740